00258nam a2200109Ia 4500008004100000020001800041082001400059100001700073245003900090260001000129500000900139260604s9999 xx 000 0 und d a9780709718307 a808.3 WAT aBrown Watson 0aIllustrated Stories For Girls (BW) bSHREE aGirl